Văn nghệ Cần Thơ
Kaydedildi:
| Materyal Türü: | Kitap |
|---|---|
| Dil: | Undetermined |
| Baskı/Yayın Bilgisi: |
Thành phố Cần Thơ
Hội Văn học nghệ thuật
2018
|
| Konular: | |
| Etiketler: |
Etiketle
Etiket eklenmemiş, İlk siz ekleyin!
|
| Thư viện lưu trữ: | Trung tâm Học liệu Trường Đại học Cần Thơ |
|---|
| LEADER | 00529nam a2200169Ia 4500 | ||
|---|---|---|---|
| 001 | CTU_235293 | ||
| 008 | 210402s9999 xx 000 0 und d | ||
| 082 | |a 306 | ||
| 082 | |b V115 | ||
| 245 | 0 | |a Văn nghệ Cần Thơ | |
| 245 | 0 | |c Hội Văn học nghệ thuật Thành phố Cần Thơ | |
| 260 | |a Thành phố Cần Thơ | ||
| 260 | |b Hội Văn học nghệ thuật | ||
| 260 | |c 2018 | ||
| 650 | |a Music,Arts | ||
| 904 | |i T.Trang | ||
| 980 | |a Trung tâm Học liệu Trường Đại học Cần Thơ | ||